Can You Type The Alphabet in 15 Seconds? - Statistics

General Stats
  • This quiz has been taken 12 times
  • The average score is 24 of 26
Answer Stats
Answer % Correct
A
100%
B
100%
C
100%
D
100%
O
100%
E
100%
F
100%
G
100%
H
100%
I
100%
J
100%
K
100%
L
100%
M
100%
N
100%
P
100%
Q
100%
R
89%
S
89%
T
89%
U
89%
V
78%
W
78%
X
78%
Y
78%
Z
78%
No matching quizzes found
Score Distribution
Percent of People with Each Score
Percentile by Number Answered
Your Score History
You have not taken this quiz